[Event "Innsbruck op 3rd"]
[Site "Innsbruck"]
[Date "2019.09.01"]
[Round "9"]
[White "Pellicoro, Nathalie"]
[Black "Thoeny, Hermann"]
[Result "1/2-1/2"]
[WhiteElo "1985"]
[BlackElo "2015"]
[PlyCount "76"]
[EventDate "2019.08.25"]
[EventType "swiss"]
[EventRounds "9"]
[EventCountry "AUT"]
[SourceTitle "EXT 2020"]
[Source "ChessBase"]
[SourceDate "2019.10.17"]
[SourceVersion "1"]
[SourceVersionDate "2019.10.17"]
[SourceQuality "1"]

1. e4 e6 2. d3 d5 3. Nd2 c5 4. g3 Bd6 5. Bg2 Ne7 6. f4 Nbc6 7. Ngf3 0-0 8. a4 f5 9. 0-0 Bd7 10. c3 Rc8 11. Re1 a6 12. Nb3 Na5 13. exd5 exd5 14. Ne5 Bxe5 15. Rxe5 Nxb3 16. Qxb3 Bc6 17. a5 Kh8 18. Bd2 c4 19. Qb4 Ng6 20. Re6 cxd3 21. Rd6 Qc7 22. Bxd5 Rcd8 23. Rxd8 Rxd8 24. Be6 Ne7 25. c4 Be4 26. Re1 h6 27. Bxf5 Nxf5 28. Rxe4 Nd4 29. Kf2 Nc6 30. Qb6 Qd7 31. Qe3 Kg8 32. Ke1 Nd4 33. Kf2 Nb3 34. Re7 Qh3 35. Re8+ Rxe8 36. Qxe8+ Kh7 37. Qe4+ Kg8 38. Qe8+ Kh7 1/2-1/2

[Event "Innsbruck op 3rd"]
[Site "Innsbruck"]
[Date "2019.08.28"]
[Round "5"]
[White "Kornitzky, Tino"]
[Black "Thoeny, Hermann"]
[Result "1-0"]
[WhiteElo "2057"]
[BlackElo "2015"]
[PlyCount "81"]
[EventDate "2019.08.25"]
[EventType "swiss"]
[EventRounds "9"]
[EventCountry "AUT"]
[SourceTitle "EXT 2020"]
[Source "ChessBase"]
[SourceDate "2019.10.17"]
[SourceVersion "1"]
[SourceVersionDate "2019.10.17"]
[SourceQuality "1"]

1. d4 d5 2. c4 e6 3. g3 c5 4. cxd5 cxd4 5. dxe6 Bb4+ 6. Bd2 Bxd2+ 7. Qxd2 Bxe6 8. Nf3 Nc6 9. Bg2 Nf6 10. 0-0 Qd7 11. Rd1 Rd8 12. Na3 Bf5 13. Nb5 0-0 14. Nbxd4 Be4 15. Nxc6 Bxc6 16. Qxd7 Bxd7 17. Ne5 Bb5 18. e3 b6 19. Nc6 Bxc6 20. Bxc6 Rc8 21. Rac1 Rfd8 22. Rxd8+ Rxd8 23. Bf3 g6 24. Rc7 Rd2 25. Rxa7 Rxb2 26. a4 Rb4 27. Bc6 Ne4 28. Bd5 Nc3 29. Bxf7+ Kf8 30. Be6 Nxa4 31. Rf7+ Ke8 32. Rxh7 Kf8 33. Rf7+ Ke8 34. Rg7 Nc5 35. Rxg6 Rb2 36. h4 Ne4 37. h5 Ke7 38. h6 Nf6 39. Bf5 b5 40. Rg7+ Kf8 41. Rb7 1-0

[Event "Seefeld op 19th"]
[Site "Seefeld"]
[Date "2008.09.11"]
[Round "7"]
[White "Vonach, Bernhard"]
[Black "Thoeny, Hermann"]
[Result "0-1"]
[WhiteElo "2008"]
[BlackElo "2145"]
[PlyCount "100"]
[EventDate "2008.09.05"]
[EventType "swiss"]
[EventRounds "9"]
[EventCountry "AUT"]
[SourceTitle "EXT 2010"]
[Source "ChessBase"]
[SourceDate "2010.11.25"]
[SourceVersion "1"]
[SourceVersionDate "2010.11.25"]
[SourceQuality "1"]

1. d4 f5 2. Nf3 Nf6 3. c4 g6 4. g3 Bg7 5. Bg2 0-0 6. 0-0 d6 7. Nc3 c6 8. b4 Qc7 9. c5 Kh8 10. Qb3 Ne4 11. Bf4 Nxc3 12. Qxc3 Be6 13. Qe3 Bg8 14. Rfd1 a5 15. b5 cxb5 16. cxd6 exd6 17. Rac1 Qd7 18. Rc2 Na6 19. Rdc1 Bc4 20. Bh6 Nb4 21. Bxg7+ Qxg7 22. Rxc4 bxc4 23. Rxc4 Nxa2 24. Qe6 Qf7 25. d5 Qxe6 26. dxe6 Rfc8 27. Rd4 Rc1+ 28. Bf1 Rc6 29. e4 fxe4 30. Rxe4 Nc3 31. Re1 Rc7 32. Ng5 Kg7 33. Nf7 Rxf7 34. exf7 Kxf7 35. Re3 Rc8 36. Bh3 Rc7 37. Be6+ Kf6 38. f4 d5 39. g4 b5 40. g5+ Kg7 41. Re5 Re7 42. h4 b4 43. h5 b3 44. h6+ Kf8 45. f5 b2 46. Re1 gxf5 47. g6 hxg6 48. h7 Kg7 49. Kf2 Rxe6 50. Rh1 Kh8 0-1

[Event "Seefeld op 19th"]
[Site "Seefeld"]
[Date "2008.09.08"]
[Round "4"]
[White "Stock, Juergen"]
[Black "Thoeny, Hermann"]
[Result "0-1"]
[WhiteElo "2059"]
[BlackElo "2145"]
[PlyCount "72"]
[EventDate "2008.09.05"]
[EventType "swiss"]
[EventRounds "9"]
[EventCountry "AUT"]
[SourceTitle "EXT 2010"]
[Source "ChessBase"]
[SourceDate "2010.11.25"]
[SourceVersion "1"]
[SourceVersionDate "2010.11.25"]
[SourceQuality "1"]

1. d4 Nf6 2. c3 d6 3. Bg5 Nbd7 4. f4 h6 5. Bh4 Nd5 6. Nh3 c6 7. e4 Ne3 8. Qd3 Nxf1 9. Rxf1 Qb6 10. b3 Nf6 11. Bxf6 gxf6 12. Nf2 Rg8 13. g3 Bd7 14. Nd2 d5 15. 0-0-0 e6 16. Rfe1 0-0-0 17. Kb1 Kb8 18. Qf3 f5 19. e5 c5 20. dxc5 Bxc5 21. Nd3 Be7 22. Nb2 Rc8 23. Rc1 Bc6 24. Qh5 Rg6 25. Qe2 Bd7 26. Nf3 Rg4 27. Red1 Bb5 28. c4 Ba6 29. Nd4 Rgg8 30. Ka1 Ba3 31. Rc2 Rgd8 32. Rd3 dxc4 33. Nxc4 Bxc4 34. bxc4 Rxc4 35. Rxa3 Rdc8 36. Rac3 Qxd4 0-1

[Event "Regionalliga SO 0607"]
[Site "Bayern"]
[Date "2007.02.25"]
[Round "6.2"]
[White "Thoeny, Hermann"]
[Black "Zill, Christoph"]
[Result "0-1"]
[WhiteElo "2065"]
[BlackElo "2185"]
[PlyCount "134"]
[EventDate "2006.10.15"]
[EventType "team-tourn"]
[EventRounds "9"]
[EventCountry "GER"]
[SourceTitle "EXT 2008"]
[Source "ChessBase"]
[SourceDate "2007.11.25"]
[SourceVersion "1"]
[SourceVersionDate "2007.11.25"]
[SourceQuality "1"]
[WhiteTeam "Pang/Rosenheim II"]
[BlackTeam "Freising"]
[WhiteTeamCountry "GER"]
[BlackTeamCountry "GER"]

1. d4 f5 2. g3 Nf6 3. Bg2 g6 4. Nh3 Bg7 5. 0-0 0-0 6. c3 c6 7. Nd2 Na6 8. Nf4 Nc7 9. Nd3 d6 10. Qb3+ Kh8 11. e4 fxe4 12. Nxe4 Nxe4 13. Bxe4 Rb8 14. Nf4 d5 15. Bd3 e5 16. dxe5 Bxe5 17. Ng2 Bf5 18. Bxf5 Rxf5 19. Be3 a6 20. f4 Bg7 21. Ba7 Ra8 22. Bb6 Qd7 23. Nh4 Rf7 24. Nf3 Re8 25. Rae1 Rxe1 26. Rxe1 Re7 27. Qd1 Nb5 28. Bc5 Rxe1+ 29. Qxe1 Kg8 30. Ng5 Bf6 31. Nf3 Nd6 32. Ne5 Qe6 33. Bxd6 Qxd6 34. Nd3 Kf7 35. Qf2 Kg7 36. Nc5 b6 37. Nd3 c5 38. g4 Qe6 39. h3 Qe4 40. Ne1 h6 41. Qd2 d4 42. Nd3 c4 43. Nf2 Qd5 44. cxd4 Qxd4 45. Qc1 Bh4 46. Qc2 Qxf4 47. Ne4 Qe3+ 48. Kg2 b5 49. b3 Qd4 50. bxc4 bxc4 51. Qc3 Qxc3 52. Nxc3 Kf6 53. Kf3 Ke5 54. Na4 Kd4 55. Ke2 Be7 56. Kd2 Bb4+ 57. Kc2 Be1 58. Nb6 a5 59. Nc8 Ke5 60. Nb6 Kf4 61. Nxc4 Kg3 62. Ne5 Kxh3 63. Nxg6 Kxg4 64. Ne5+ Kg3 65. Nd3 h5 66. Nxe1 h4 67. Kd2 h3 0-1

[Event "AUT-chT2W 0607"]
[Site "Austria"]
[Date "2007.01.26"]
[Round "6.5"]
[White "Ager, Josef"]
[Black "Thoeny, Hermann"]
[Result "1/2-1/2"]
[WhiteElo "2196"]
[BlackElo "2175"]
[PlyCount "58"]
[EventDate "2006.10.21"]
[EventType "team"]
[EventRounds "11"]
[EventCountry "AUT"]
[SourceTitle "EXT 2008"]
[Source "ChessBase"]
[SourceDate "2007.11.25"]
[SourceVersion "1"]
[SourceVersionDate "2007.11.25"]
[SourceQuality "1"]

1. d4 d5 2. Nf3 e6 3. c4 c5 4. g3 Nc6 5. Bg2 Nf6 6. 0-0 cxd4 7. Nxd4 Be7 8. Nc3 0-0 9. Bf4 a6 10. cxd5 exd5 11. Rc1 Re8 12. Na4 Bd7 13. a3 Qa5 14. b4 Nxb4 15. axb4 Qxa4 16. Qxa4 Bxa4 17. Rc7 Bxb4 18. Rxb7 Bc5 19. e3 Bxd4 20. exd4 Bb5 21. Ra1 Bc4 22. h3 h6 23. g4 Ne4 24. Ra3 Ng5 25. Ra5 Re1+ 26. Kh2 Ne6 27. Be3 Rd8 28. h4 Rd1 29. Bf3 Rd3 1/2-1/2

[Event "AUT-chT2W 0607"]
[Site "Austria"]
[Date "2007.??.??"]
[Round "8.6"]
[White "Mrsic, Robert"]
[Black "Thoeny, Hermann"]
[Result "1/2-1/2"]
[WhiteElo "2125"]
[BlackElo "2175"]
[PlyCount "70"]
[EventDate "2006.10.21"]
[EventType "team"]
[EventRounds "11"]
[EventCountry "AUT"]
[SourceTitle "EXT 2008"]
[Source "ChessBase"]
[SourceDate "2007.11.25"]
[SourceVersion "1"]
[SourceVersionDate "2007.11.25"]
[SourceQuality "1"]

1. e4 e6 2. d4 d5 3. Nd2 Nc6 4. Ngf3 Nf6 5. e5 Nd7 6. c3 Be7 7. Bd3 a5 8. Nf1 b6 9. Qc2 Nf8 10. Qe2 Nb8 11. Ng3 Ng6 12. h4 Ba6 13. Nh5 Rg8 14. Nf4 Bxd3 15. Qxd3 c5 16. h5 Nf8 17. Bd2 c4 18. Qc2 b5 19. g4 h6 20. Nh3 Nc6 21. g5 hxg5 22. Bxg5 Qd7 23. Rg1 b4 24. Bh6 Rh8 25. Bxg7 Rxh5 26. Nf4 Rf5 27. Rg4 Ng6 28. Nxg6 Rxf3 29. Nxe7 Nxe7 30. Bf6 Rd3 31. Rd1 Rh3 32. Ke2 Qb5 33. Rg3 Rxg3 34. fxg3 Nf5 35. Kf3 b3 1/2-1/2

[Event "AUT-chT2W 0607"]
[Site "Austria"]
[Date "2006.12.03"]
[Round "5"]
[White "Atlas, Dimitry"]
[Black "Thoeny, Hermann"]
[Result "1-0"]
[WhiteElo "2294"]
[BlackElo "2175"]
[PlyCount "89"]
[EventDate "2006.10.21"]
[EventType "team"]
[EventRounds "11"]
[EventCountry "AUT"]
[SourceTitle "CBM 115 Extra"]
[Source "ChessBase"]
[SourceDate "2007.01.10"]
[SourceVersion "1"]
[SourceVersionDate "2007.01.10"]
[SourceQuality "1"]

1. e4 e6 2. d4 d5 3. e5 c5 4. c3 Nc6 5. Nf3 Qb6 6. Be2 Bd7 7. 0-0 cxd4 8. cxd4 Nge7 9. Na3 Nf5 10. Nc2 Nb4 11. Nxb4 Qxb4 12. a3 Qb6 13. g4 Ne7 14. b4 Bb5 15. Be3 Nc6 16. Rb1 Bxe2 17. Qxe2 Be7 18. Nd2 0-0 19. Nb3 Rfd8 20. f4 Rd7 21. Qd3 Qd8 22. Rf3 Rc8 23. f5 g6 24. Rbf1 b6 25. Nc1 Rdc7 26. fxe6 fxe6 27. Ne2 Qe8 28. Bh6 Nd8 29. h4 a5 30. b5 Nb7 31. Nf4 Nd8 32. h5 g5 33. Ne2 Nb7 34. a4 Bb4 35. Qe3 Be7 36. Kh1 Rc2 37. Ng3 Qd8 38. Rf7 R2c3 39. Rg7+ Kh8 40. Rff7 Bf8 41. Rxh7+ Kg8 42. Qf2 Bxh6 43. Rxh6 Rc2 44. Rg6+ Kh8 45. Rh7+ 1-0

[Event "AUT-chT2W 0607"]
[Site "Austria"]
[Date "2006.12.01"]
[Round "3"]
[White "Thoeny, Hermann"]
[Black "Schiestl, Josef"]
[Result "1/2-1/2"]
[WhiteElo "2175"]
[BlackElo "2144"]
[PlyCount "215"]
[EventDate "2006.10.21"]
[EventType "team"]
[EventRounds "11"]
[EventCountry "AUT"]
[SourceTitle "CBM 115 Extra"]
[Source "ChessBase"]
[SourceDate "2007.01.10"]
[SourceVersion "1"]
[SourceVersionDate "2007.01.10"]
[SourceQuality "1"]

1. d4 Nf6 2. Nf3 g6 3. c4 Bg7 4. g3 0-0 5. Bg2 d6 6. 0-0 Nc6 7. Nc3 a6 8. h3 Bd7 9. Be3 Rb8 10. d5 Na5 11. Nd2 c5 12. a3 Qc8 13. Kh2 b5 14. cxb5 axb5 15. Rc1 b4 16. axb4 Rxb4 17. Ra1 Qc7 18. Ra2 Rfb8 19. Qa1 Nb3 20. Nxb3 Rxb3 21. Bc1 Bc8 22. Ra7 R3b7 23. Ra6 Rb6 24. Ra7 R8b7 25. Ra8 Rb8 26. Ra7 R6b7 27. Ra6 Nd7 28. Ra3 Ne5 29. Qa2 Rb4 30. Ra7 R8b7 31. Ra8 Nc4 32. Nd1 Nxb2 33. Nxb2 Bxb2 34. Bd2 Rb3 35. Qa4 Rb8 36. Ra7 R3b7 37. Qe8+ Kg7 38. Rxb7 Bxb7 39. Qa4 c4 40. Rb1 c3 41. Qd4+ f6 42. Bc1 Bxc1 43. Rxc1 Rc8 44. Qe3 Ba6 45. h4 Bb5 46. Bh3 f5 47. g4 f4 48. Qd4+ Kg8 49. g5 Bd7 50. Bxd7 Qxd7 51. Qxf4 Rf8 52. Qd4 Qf5 53. f3 c2 54. Qd2 Rc8 55. Kg2 Rc4 56. e4 Qc8 57. Qe2 Kg7 58. Kg3 Rc3 59. Qd2 Qc4 60. Kf2 Kg8 61. Kg2 Kg7 62. Kf2 Kf7 63. Qf4+ Ke8 64. Qd2 Rd3 65. Qxc2 Qd4+ 66. Kg3 Qxe4 67. Qc8+ Kf7 68. Qe6+ Qxe6 69. dxe6+ Kxe6 70. Re1+ Kd7 71. Ra1 Rc3 72. Ra8 Rc8 73. Ra7+ Rc7 74. Ra8 e5 75. Kg4 Ke6 76. Ra4 d5 77. Ra6+ Ke7 78. Kg3 d4 79. Ra5 Ke6 80. f4 exf4+ 81. Kxf4 d3 82. Ke3 Rc4 83. Kxd3 Rxh4 84. Ke3 Rb4 85. Kf2 Rd4 86. Ra7 Rd7 87. Ra5 Rd5 88. Ra7 Kf5 89. Rxh7 Kxg5 90. Kg3 Rd3+ 91. Kg2 Kg4 92. Rg7 Rd2+ 93. Kf1 g5 94. Ra7 Rb2 95. Kg1 Kh4 96. Ra3 g4 97. Rc3 Rb1+ 98. Kg2 Rb4 99. Kg1 g3 100. Rc8 Rb5 101. Rh8+ Kg4 102. Rg8+ Kf4 103. Rf8+ Rf5 104. Rxf5+ Kxf5 105. Kg2 Kf4 106. Kg1 Kf3 107. Kf1 g2+ 108. Kg1 1/2-1/2

[Event "Seefeld op 17th"]
[Site "Seefeld"]
[Date "2006.10.01"]
[Round "9"]
[White "Ranker, Klemens"]
[Black "Thoeny, Hermann"]
[Result "0-1"]
[WhiteElo "1936"]
[BlackElo "2175"]
[PlyCount "38"]
[EventDate "2006.09.23"]
[EventType "swiss"]
[EventRounds "9"]
[EventCountry "AUT"]
[SourceTitle "EXT 2009"]
[Source "ChessBase"]
[SourceDate "2008.11.26"]
[SourceVersion "1"]
[SourceVersionDate "2008.11.26"]
[SourceQuality "1"]

1. e4 c5 2. Bc4 Nc6 3. Nc3 g6 4. d3 Bg7 5. Bd2 e6 6. Nf3 Nge7 7. 0-0 0-0 8. Bg5 h6 9. Bh4 g5 10. Bg3 d5 11. Bb3 f5 12. exf5 exf5 13. h3 f4 14. Bh2 Bf5 15. Qd2 Qd7 16. Rae1 Rad8 17. Ne4 Bxh3 18. gxh3 Qxh3 19. Kh1 Qxf3+ 0-1

[Event "Seefeld op 17th"]
[Site "Seefeld"]
[Date "2006.09.30"]
[Round "8"]
[White "Thoeny, Hermann"]
[Black "Schmidt, Wolfgang2222"]
[Result "1/2-1/2"]
[WhiteElo "2175"]
[BlackElo "2061"]
[PlyCount "24"]
[EventDate "2006.09.23"]
[EventType "swiss"]
[EventRounds "9"]
[EventCountry "AUT"]
[SourceTitle "EXT 2009"]
[Source "ChessBase"]
[SourceDate "2008.11.26"]
[SourceVersion "1"]
[SourceVersionDate "2008.11.26"]
[SourceQuality "1"]

1. Nf3 d6 2. d4 g6 3. c4 Bg7 4. Nc3 Nf6 5. g3 0-0 6. Bg2 Nc6 7. 0-0 e5 8. d5 Ne7 9. e4 Ne8 10. Ne1 f5 11. Nd3 Nf6 12. Bg5 h6 1/2-1/2

[Event "Regionalliga SO 0506"]
[Site "Bayern"]
[Date "2006.01.15"]
[Round "5.3"]
[White "Hartl, Aldo"]
[Black "Thoeny, Hermann"]
[Result "1/2-1/2"]
[WhiteElo "2080"]
[BlackElo "2088"]
[PlyCount "48"]
[EventDate "2005.10.23"]
[EventType "team-tourn"]
[EventRounds "9"]
[EventCountry "GER"]
[SourceTitle "EXT 2007"]
[Source "ChessBase"]
[SourceDate "2006.11.23"]
[SourceVersion "1"]
[SourceVersionDate "2006.11.23"]
[SourceQuality "1"]
[WhiteTeam "Trostberg TSV"]
[BlackTeam "Pang/Rosenheim II"]
[WhiteTeamCountry "GER"]
[BlackTeamCountry "GER"]

1. e4 e6 2. d4 d5 3. Nc3 Bb4 4. exd5 exd5 5. Bd3 Nf6 6. Bg5 Be7 7. Qf3 c6 8. h3 Nbd7 9. Nge2 Nf8 10. 0-0 Ne6 11. Be3 Bd7 12. a3 Qc7 13. Ng3 g6 14. b4 a6 15. Nce2 h5 16. Nf4 Ng5 17. Qe2 Ngh7 18. Bxg6 0-0-0 19. Nf5 Bxf5 20. Bxf5+ Kb8 21. Nd3 Bd6 22. Qf3 Rdg8 23. h4 Ng4 24. Bf4 Nh2 1/2-1/2

[Event "Seefeld op 16th"]
[Site "Seefeld"]
[Date "2005.09.19"]
[Round "3"]
[White "Platzgummer, Fabian"]
[Black "Thoeny, Hermann"]
[Result "0-1"]
[WhiteElo "2032"]
[BlackElo "2136"]
[PlyCount "56"]
[EventDate "2005.09.17"]
[EventType "swiss"]
[EventRounds "9"]
[EventCountry "AUT"]
[SourceTitle "EXT 2007"]
[Source "ChessBase"]
[SourceDate "2006.11.23"]
[SourceVersion "1"]
[SourceVersionDate "2006.11.23"]
[SourceQuality "1"]

1. c4 c6 2. e4 d6 3. Nc3 e5 4. Nf3 Nf6 5. d4 Nbd7 6. Be2 Be7 7. 0-0 0-0 8. Qc2 Re8 9. Rd1 Qc7 10. h3 Bf8 11. Be3 g6 12. Rd2 Bg7 13. dxe5 dxe5 14. c5 Bf8 15. b4 a5 16. Bc4 axb4 17. Qb3 Nxc5 18. Bxc5 Bxc5 19. Ng5 Rf8 20. Na4 Bd4 21. Qf3 Qe7 22. Rxd4 exd4 23. Nb6 Ra3 24. Nxc8 Qe5 25. Nxf7 Rxf7 26. Qe2 d3 27. Qf1 Kg7 28. Bxf7 Kxf7 0-1

[Event "Seefeld op 15th"]
[Site "Seefeld"]
[Date "2004.09.22"]
[Round "5"]
[White "Thoeny, Hermann"]
[Black "Platzgummer, Fabian"]
[Result "1/2-1/2"]
[WhiteElo "2158"]
[BlackElo "1737"]
[PlyCount "90"]
[EventDate "2004.09.18"]
[EventType "swiss"]
[EventRounds "9"]
[EventCountry "AUT"]
[SourceTitle "EXT 2005"]
[Source "ChessBase"]
[SourceDate "2004.11.15"]
[SourceVersion "1"]
[SourceVersionDate "2004.11.15"]
[SourceQuality "1"]

1. Nf3 Nf6 2. d4 d5 3. c4 c6 4. Qc2 g6 5. e3 Bg7 6. Nc3 0-0 7. Bd3 Na6 8. a3 Nc7 9. 0-0 dxc4 10. Bxc4 Nfd5 11. Rd1 Bg4 12. Qe2 Nxc3 13. bxc3 Nd5 14. Bd2 Qa5 15. h3 Bxf3 16. Qxf3 Rad8 17. Bb3 Qc7 18. e4 Nb6 19. a4 c5 20. a5 Nd7 21. Bg5 Nb8 22. d5 Qe5 23. Bd2 Nd7 24. Qe3 Qc7 25. Ra4 Kh8 26. f4 b5 27. axb6 axb6 28. Rda1 Rb8 29. e5 Rfd8 30. Qe4 f5 31. Qf3 Rdc8 32. R1a2 b5 33. Ra7 Qd8 34. c4 b4 35. Be1 Ra8 36. Bh4 Qe8 37. R2a6 Rxa7 38. Rxa7 Ra8 39. Rxa8 Qxa8 40. Bxe7 Qa1+ 41. Qd1 Qc3 42. Qf3 Qe1+ 43. Kh2 Nxe5 44. Qg3 Ng4+ 45. hxg4 Qxe7 1/2-1/2

[Event "AUT-chT2W 0203"]
[Site "Austria"]
[Date "2003.03.22"]
[Round "10"]
[White "Eberharter, Johann"]
[Black "Thoeny, Hermann"]
[Result "1/2-1/2"]
[WhiteElo "2117"]
[BlackElo "2134"]
[PlyCount "37"]
[EventDate "2002.10.??"]
[EventType "team"]
[EventRounds "11"]
[EventCountry "AUT"]
[SourceTitle "EXT 2004"]
[Source "ChessBase"]
[SourceDate "2003.11.25"]
[SourceVersion "1"]
[SourceVersionDate "2003.11.25"]
[SourceQuality "1"]

1. Nf3 f5 2. b3 Nf6 3. Bb2 g6 4. e3 Bg7 5. d4 0-0 6. Nbd2 d6 7. Bd3 c6 8. Qe2 a5 9. a3 Na6 10. 0-0 Qc7 11. c4 Nh5 12. Rfd1 e5 13. Bb1 e4 14. Ne1 Qe7 15. Ba2 Bd7 16. Rab1 Nc7 17. Bc3 c5 18. Nf1 Kh8 19. Qd2 1/2-1/2